Everytime (Ariana Grande) - lyrics - Statistics

General Stats
  • This quiz has been taken 69 times
  • The average score is 277 of 332
Answer Stats
Answer % Correct
I
100%
I
100%
every
97%
Back
95%
back
95%
go
95%
to
95%
you
95%
You
95%
you,
95%
I'm
92%
time
92%
a
89%
like
89%
me
89%
no
89%
the
89%
get
87%
it
87%
so
87%
your
87%
But
84%
energy
84%
keep
84%
of
84%
really
84%
show
84%
there
84%
when
84%
an
82%
bringing
82%
free
82%
not
82%
oh
82%
on
82%
regular
82%
teenager
82%
think
82%
Why
82%
why
82%
and
79%
call
79%
control
79%
does
79%
high
79%
let
79%
my
79%
our
79%
tired
79%
tried
79%
we
79%
dont
76%
god
76%
fall
74%
over
74%
pretend
74%
say
74%
something
74%
that
74%
you're
74%
drunk
71%
idiot
71%
It's
71%
I've
71%
out
71%
Self
71%
self
71%
shows
71%
different
68%
here
68%
people
68%
telling
68%
They
68%
blank
66%
destruct
66%
fight
66%
stares
66%
weak
66%
yeah
66%
Because
63%
giving
61%
Shakespeare
61%
up
61%
yuh
58%
new
53%
Boy
47%
cant
47%
Cause
45%
wave
45%
good
42%
at
39%
case
39%
look
39%
change
37%
Just
34%
make
34%
head
29%
lace
26%
calling
24%
outta
24%
slip
18%
No matching quizzes found
Score Distribution
Percent of People with Each Score
Percentile by Number Answered
Your Score History
You have not taken this quiz